000 00788nam a2200253Ia 4500
003 OSt
005 20220926004906.0
006 a|||||r|||| 00| 0
007 ta
008 220923b |||||||| |||| 00| 0 eng d
020 _a9781446272596
_c3586.70
037 _b1756, 05/03/2018, Orange Boooks International
_cGeneral Book
040 _aRTL
_cRTL
_beng
041 _2eng
_aeng
082 _aX:9, Q6
100 _aBINGHAM Cecilie
_9309405
245 0 _aEmployment relations
_b Fairness and trust in the workplace
260 _a New Delhi
_bSage
_c2016
300 _aix,369p
_ccm.
500 _aNote: with CD
650 _aCommerce
942 _hX:9, Q6
_cGB
_2CC
999 _c612470
_d612470